Wszystkie reprezentacje na EURO 2024 - Statystyki

Ogólne statystyki
  • Ten quiz został rozwiązany 223 razy
  • Średni wynik to 21 z 24
Statystyki odpowiedzi
Grupa Reprezentacja % Poprawnych
D Polska
99%
D Francja
98%
A Niemcy
98%
D Austria
96%
B Hiszpania
96%
D Holandia
96%
B Włochy
96%
C Anglia
95%
F Portugalia
95%
B Albania
90%
B Chorwacja
90%
E Ukraina
90%
E Belgia
89%
F Czechy
88%
A Szkocja
88%
A Szwajcaria
88%
E Słowacja
86%
F Turcja
84%
A Węgry
84%
C Dania
82%
C Słowenia
82%
F Gruzja
79%
E Rumunia
77%
C Serbia
77%
Nie znaleziono quizów pasujących do podanych kryteriów
Rozkład punktacji
Procent ludzi z każdym wynikiem
Percentyl według liczby udzielonych odpowiedzi
Twoja historia wyników
Nie rozwiązałeś tego quizu